John Frusciante Discography - Statistics

General Stats
  • This quiz has been taken 40 times
  • The average score is 9 of 21
Answer Stats
Type Year Name % Correct
Album 2004 Shadows Collide with People
81%
Album 2009 The Empyrean
81%
Album 2005 Curtains
72%
Album 2004 The Will to Death
72%
Album 1994 Niandra LaDes and Usually Just a T-Shirt
69%
Album 2004 Inside of Emptiness
59%
Album 2001 To Record Only Water for Ten Days
56%
Album 2014 Enclosure
53%
Album 1997 Smile from the Streets You Hold
47%
EP 2004 DC EP
44%
Collaborative Album 2004 A Sphere in the Heart of Silence
38%
Album 2012 PBX Funicular Intaglio Zone
38%
Soundtrack 2004 The Brown Bunny
38%
Album 2001 From the Sounds Inside
34%
EP 2012 Letur-Lefr
34%
EP 2016 Foregrow
28%
EP 2013 Outsides
28%
EP 2001 Going Inside
16%
Album 2015 Renoise Tracks 2009-2011
16%
EP 1997 Estrus
9%
EP 2015 4-Track Guitar Music
6%
No matching quizzes found
Score Distribution
Percent of People with Each Score
Percentile by Number Answered
Your Score History
You have not taken this quiz